Statistics for Popular Tumblr Ships

Click here to take the quiz!

General Stats

  • This quiz has been taken 56 times
  • The average score is 13 of 49

Answer Stats

Characters and FandomShip Name% Correct
Draco Malfoy & Harry Potter, Harry PotterDrarry
78%
Steve Rogers & Bucky Barnes, MarvelStucky
72%
Dean Winchester & Castiel, SupernaturalDestiel
66%
Rey & Kylo Ren, Star WarsReylo
66%
Steve Rogers & Tony Stark, MarvelStony
62%
Keith & Lance, VoltronKlance
58%
Dan Howell & Phil Lester, YouTubePhan
56%
Cheryl Blossom & Toni Topaz, RiverdaleChoni
50%
Betty Cooper & Jughead Jones, RiverdaleBughead
48%
Magnus Bane & Alec Lightwood, ShadowhuntersMalec
40%
Korra & Asami Sato, The Legend of KorraKorrasami
38%
Iron Man & Dr. Strange, MarvelIronStrange
36%
Thor & Loki, MarvelThorki
36%
Princess Bubblegum & Marceline, Adventure TimeBubbline
34%
Adrien Agreste & Marinette Dupain-Cheng, Miraculous Ladybug Adrienette
32%
Kirishima Eijirou & Bakugou Katsuki, BNHAKiribaku
32%
Shiro & Adam, VoltronShadam
32%
Pidge & Lance, VoltronPlance
30%
Spider-Man & Deadpool, MarvelSpideypool
30%
Todoroki Shouto & Midoriya Izuku, BNHATododeku
30%
Bakugou Katsuki & Midoriya Izuku, BNHABakudeku
28%
Karlie Kloss & Taylor Swift, CelebritiesKaylor
28%
Keith & Shiro, VoltronSheith
28%
Kim Taehyung & Jeon Jungkook, BTSTaekook
28%
Jon Snow & Sansa Stark, Game of ThronesJonsa
26%
Bellamy Blake & Clarke Griffin, The 100Bellarke
22%
Ian Gallagher & Mickey Milkovich, ShamelessGallavich
22%
Klaus & Caroline, The OriginalsKlaroline
22%
Princess Allura & Lance, VoltronAllurance
20%
Camila Cabello & Lauren Jauregui, Fifth HarmonyCamren
18%
Cole Sprouse & Lili Reinhart, ActorsSprousehart
18%
TJ & Cyrus, Andi MackTyrus
18%
Kara Danvers & Lena Luthor, SupergirlSupercorp
16%
Lapis Lazuli & Peridot, Steven UniverseLapidot
14%
Park Jimin & Jeon Jungkook, BTSJikook
12%
Park Jimin & Jeon Jungkook, BTSJikook
12%
Venom & Eddie Brock, MarvelSymbrock
12%
Peter Kavinsky & Lara Jean Covey, To All the Boys I’ve Loved BeforeCovinsky
10%
Ochako Uraraka & Katsuki Bakugou, BNHAKacchako
10%
Sasuke Uchiha & Sakura Haruno, NarutoSasusaku
10%
Adam & Shiro, VoltronAdashi
8%
Kat Edison & Adena El-Amin, The Bold TypeKadena
8%
Ruby & Sapphire, Steven UniverseRupphire
8%
Waverly Earp & Nicole Haught, Wynonna EarpWayhaught
6%
Hank Anderson & Connor, D:BHHankcon
4%
Lewis Pepper & Arthur Kingsmen, Mystery SkullsLewthur
2%
Jesse McCree & Hanzo Shimada, OverwatchMcHanzo
2%
Markus & Simon, D:BHMarkus x Simon
0%
Min Yoongi & Park Jimin, BTSYoomin
0%

Score Distribution

Percentile by Number Answered

Percent of People with Each Score

Your Score History

You have not taken this quiz